[Event "CAN-ch U12"]
[Site "Vancouver"]
[Date "2012.07.04"]
[Round "4"]
[White "Goldblatt, Taylor"]
[Black "Chen, Harrison"]
[Result "0-1"]
[WhiteElo "426"]
[BlackElo "988"]
[PlyCount "118"]
[EventDate "2012.07.03"]
[EventType "swiss"]
[EventRounds "7"]
[EventCountry "CAN"]
[SourceTitle "EXT 2022"]
[Source "ChessBase"]
[SourceDate "2021.10.06"]
[SourceVersion "1"]
[SourceVersionDate "2021.10.06"]
[SourceQuality "1"]

1. e4 e5 2. d4 Nc6 3. Nf3 d6 4. Bb5 a6 5. Ba4 b5 6. Bb3 Bg4 7. h3 Bxf3 8. Qxf3 Nf6 9. Bg5 Be7 10. Bxf6 Bxf6 11. Bd5 Nxd4 12. Qc3 Rc8 13. Bb7 Rb8 14. Bxa6 0-0 15. Na3 Qd7 16. 0-0 b4 17. Qg3 bxa3 18. bxa3 Nxc2 19. Rab1 Rxb1 20. Rxb1 Nd4 21. Qc3 Ra8 22. Qb4 h6 23. Bb5 Nxb5 24. Qxb5 Qxb5 25. Rxb5 Rxa3 26. Rb8+ Kh7 27. Rb7 Rxa2 28. Rxc7 Ra1+ 29. Kh2 Kg6 30. Rd7 Bh4 31. g3 Bg5 32. Rxd6+ f6 33. h4 Bc1 34. Rd1 Bb2 35. Rd2 Bc3 36. Rc2 Bd4 37. f3 Bg1+ 38. Kh3 Bd4 39. Kg4 h5+ 40. Kh3 Rh1+ 41. Rh2 Rxh2+ 42. Kxh2 f5 43. Kg2 fxe4 44. fxe4 Kf6 45. Kf3 g5 46. hxg5+ Kxg5 47. Kg2 Kg4 48. Kh2 Bf2 49. Kg2 Bxg3 50. Kg1 h4 51. Kh1 h3 52. Kg1 Kf3 53. Kh1 Kxe4 54. Kg1 Kf3 55. Kh1 e4 56. Kg1 e3 57. Kf1 e2+ 58. Kg1 h2+ 59. Kh1 e1Q# 0-1